The Server+ Cram Sheet (Record no. 23580)

MARC details
000 -LEADER
fixed length control field 00330nam a22001457a 4500
003 - CONTROL NUMBER IDENTIFIER
control field OSt
005 - DATE AND TIME OF LATEST TRANSACTION
control field 20211223090947.0
008 - FIXED-LENGTH DATA ELEMENTS--GENERAL INFORMATION
fixed length control field 211223b |||||||| |||| 00| 0 eng d
020 ## - INTERNATIONAL STANDARD BOOK NUMBER
International Standard Book Number 1588801063
040 ## - CATALOGING SOURCE
Transcribing agency HU
082 ## - DEWEY DECIMAL CLASSIFICATION NUMBER
Classification number 004.36HAR2001
100 ## - MAIN ENTRY--PERSONAL NAME
Personal name Haralson
9 (RLIN) 24460
245 ## - TITLE STATEMENT
Title The Server+ Cram Sheet
942 ## - ADDED ENTRY ELEMENTS (KOHA)
Source of classification or shelving scheme Dewey Decimal Classification
Koha item type Books like text book referance book
Suppress in OPAC No
Holdings
Withdrawn status Lost status Source of classification or shelving scheme Damaged status Not for loan Home library Current library Shelving location Date acquired Total Checkouts Full call number Barcode Date last seen Copy number Price effective from Koha item type
    Dewey Decimal Classification     IoT Library IoT Library General Stacks 12/23/2021   004.36HAR2001 IOTL0000986 12/23/2021 1 12/23/2021 Books like text book referance book
    Dewey Decimal Classification     IoT Library IoT Library General Stacks 12/23/2021   004.36HAR2001 IOTL0000987 12/23/2021 2 12/23/2021 Books like text book referance book
    Dewey Decimal Classification     IoT Library IoT Library General Stacks 12/23/2021   004.36HAR2001 IOTL0000988 12/23/2021 3 12/23/2021 Books like text book referance book